000 00297nam a22001337a 4500
008 171016b xxu||||| |||| 00| 0 eng d
020 _a9780132554633
041 _aeng
080 _216 ED
_a33
100 _a52
101 _aEDU
245 _aECONOMICS TODAY
_c MILLER.R.L
942 _2udc
_cBK
999 _c34090
_d34090